Vamos vestir o Amadeus (Registo nº 3381)
[ vista simples ]
| 000 -Etiqueta do registo | |
|---|---|
| Cabeçalho | 00870nam0a22003011 4500 |
| 005 - Identificador da versão | |
| Campo de controlo | 20240813122000.0 |
| 010 ## - Número internacional normalizado dos livros (ISBN) | |
| Número (ISBN) | 9720711817 |
| 021 ## - Número do Depósito Legal | |
| Código do país | PT |
| Número | 211966/04 |
| 100 ## - Dados gerais de processamento | |
| Dados gerais de processamento | 20070414d2004 bc y0pory5003 ba |
| 102 ## - Pais de publicação ou produção | |
| País de publicação | Portugal |
| 101 1# - Língua de publicação | |
| Língua do texto, banda sonora, etc. | Português |
| Língua do documento no original | Inglês |
| 106 ## - Campo de dados codificados: material textual | |
| Dados codificados do material textual | r |
| 105 ## - Campo de dados codificados: livros | |
| Dados codificados dos livros | a z 000yy |
| 215 ## - Descrição física | |
| Indicação específica da natureza do documento e extensão da espécie | 10 p. |
| Outras indicações físicas | il. |
| Dimensões | 28 cm |
| 200 1# - Titulo e menção de responsabilidade | |
| Título próprio | Vamos vestir o Amadeus |
| Primeira menção de responsabilidade | texto de Eli A. Cantillon |
| Outras menções de responsabilidade | il. Mandy Stanley |
| 225 2# - Colecção | |
| Título próprio da colecção | Mundo mágico |
| Nome de uma parte ou secção | a partir dos 3 anos |
| 210 ## - Publicação, Distribuição, etc. | |
| Lugar da edição, distribuição, etc. | Porto |
| Nome do editor, distribuidor, etc. | Porto Editora |
| Data da publicação, distribuição, etc. | 2004 |
| 327 1# - Nota de conteúdo | |
| Texto da nota | Contém peças magnéticas |
| 304 ## - Notas relativas a título e menção de responsabilidade | |
| Texto da nota | Tít. orig.: Dress up Amadeus |
| 606 ## - Nome comum usado como assunto | |
| Número de registo de entrada de autoridade | 0000006 |
| Palavra de ordem | Literatura estrangeira infantil |
| 675 ## - Classificação Decimal Universal (CDU) | |
| Notação | 82-93 |
| Edição | 2ª |
| Língua da edição | por |
| 702 #1 - Nome de autor-pessoa física (responsabilidade secundária) | |
| Número de registo de entrada de autoridade | 0000654 |
| Palavra de ordem | Stanley |
| Outra parte do nome não tomada para palavra de ordem | Mandy |
| Código de função | Ilustrador / Técnico de desenho computorizado |
| 700 #1 - Nome de autor-pessoa física (responsabilidade principal) | |
| Número de registo de entrada de autoridade | 0002683 |
| Palavra de ordem | Cantillon |
| Outra parte do nome não tomada para palavra de ordem | Elli A. |
| 942 ## - Elementos de entrada adicionados (Koha) | |
| Tipo de item no Koha | Livro |
| Situação do levantamento | Origin of item (home branch) (coded) | Biblioteca de empréstimo | Código de barras | Cota | Circulation type (not for loan) | Tipo de documento | Nota do exemplar | Damaged status |
|---|---|---|---|---|---|---|---|---|
| Biblioteca Escolar da Coca Maravilhas | Biblioteca Escolar da Coca Maravilhas | BECM8246/07 | 8EST CAN | Livro | Sem mensagem |
